Pays par des faits #5 - Statistiques

Statistiques générales
  • Ce quiz a été pris 92 fois
  • Le résultat moyen est 9 sur 15
Statistiques - réponses
Hint Réponse % Correct
L'Etna, le Vésuve et le Stromboli sont des volcans actifs qui m'appartiennent Italie
99%
Usain Bolt porte ma nationalité Jamaïque
91%
On y trouve La Mecque et Médine Arabie Saoudite
86%
Le gouda est l'un de mes fromages les plus connus Pays-Bas
86%
Je suis en conflit avec l'Azerbaïdjan au sujet du Haut-Karabagh Arménie
77%
Mon drapeau est composé de deux triangles superposés Népal
74%
Je partage une frontière avec la Chine, le Kazakhstan, l'Ouzbékistan et le Tadjikistan. Kirghizistan
72%
D'une superficie de 724,2 km2 je suis situé au sud de la Malaisie Singapour
59%
Je proclame mon indépendance à la suite d'une révolte d'esclaves contre les colons français le 1er janvier 1804 Haïti
48%
Mon président est Bassirou Diomaye Faye Sénégal
48%
J'affronte le M23 à l'est de mon territoire République démocratique du Congo
46%
Ma capitale correspond à la lettre "L" dans l'alphabet militaire Pérou
41%
On m'appelle le "pays des aigles" Albanie
30%
Avec le Kenya je suis un des principaux médiateurs du conflit au Kivu Angola
15%
Des accords signés en 1975 portent le nom de ma capitale Finlande
5%
Aucun quiz correspondant
Distribution des résultats
% des personnes avec chaque résultat
Percentile par nombre de réponses
Votre historique - résultats
Vous n’avez pas pris ce quiz